South Eastern Kenya University

Library Online Public Access Catalogue


Agricultural price policies and the developing countries/ (Record no. 3547)

MARC details
000 -LEADER
fixed length control field 00318nam a22001217a 4500
020 ## - INTERNATIONAL STANDARD BOOK NUMBER
International Standard Book Number 0801831245
050 ## - LIBRARY OF CONGRESS CALL NUMBER
Classification number HD 9000.4
Item number .T64 C.1
100 ## - MAIN ENTRY--PERSONAL NAME
Personal name Johns Hopkins Unive
245 ## - TITLE STATEMENT
Title Agricultural price policies and the developing countries
260 ## - PUBLICATION, DISTRIBUTION, ETC. (IMPRINT)
Place of publication, distribution, etc. Baltimore
Name of publisher, distributor, etc. rsity Press
Date of publication, distribution, etc. 1982
300 ## - PHYSICAL DESCRIPTION
Extent xii,242p.
942 ## - ADDED ENTRY ELEMENTS (KOHA)
Koha item type General circulation
Holdings
Withdrawn status Lost status Source of classification or shelving scheme Damaged status Not for loan Home library Current library Shelving location Date acquired Source of acquisition Cost, normal purchase price Total Checkouts Full call number Barcode Date last seen Cost, replacement price Price effective from Koha item type Public note
    Library of Congress Classification     Main Campus Library Main Campus Library General Stacks 15/09/2014 donation 1150.00   HD 9000.4 .T6 2016/013054 15/09/2014 1650.00 15/09/2014 General circulation kim
Kitui, Kenya.
+254736116989
library@seku.ac.ke